[Event "RUS Rapid GP Serpukhov"]
[Site "Serpukhov RUS"]
[Date "2018.02.23"]
[Round "1.1"]
[White "Zakirov, Vladislav"]
[Black "Ponkratov, Pavel"]
[Result "0-1"]
[BlackTitle "GM"]
[WhiteElo "2080"]
[BlackElo "2605"]
[WhiteFideId "34145874"]
[BlackFideId "4157800"]
[EventDate "2018.02.23"]

1. e4 c5 2. Nf3 b6 3. d4 cxd4 4. Nxd4 Bb7 5. Nc3 a6 6. Be3 e6 7. Be2 Qc7 8. O-O
Nf6 9. Bf3 d6 10. Re1 Nbd7 11. g3 Be7 12. Bg2 O-O 13. f3 b5 14. Nce2 Rfd8 15.
Rc1 d5 16. exd5 Nxd5 17. Bf2 Ne5 18. a4 bxa4 19. c4 Nb4 20. Qxa4 Nbd3 21. Be3
Nxc1 22. Rxc1 Bc5 23. Rd1 Nxf3+ 24. Nxf3 Bxe3+ 25. Kh1 Rxd1+ 26. Qxd1 Qxc4 27.
Nc3 Qc7 28. Qe2 Bc5 29. Qc4 Bd6 30. Qh4 h6 31. Nd4 Bxg2+ 32. Kxg2 Be5 33. Nde2
Bxc3 34. Nxc3 Rb8 0-1

[Event "RUS Rapid GP Serpukhov"]
[Site "Serpukhov RUS"]
[Date "2018.02.23"]
[Round "1.2"]
[White "Grachev, Boris"]
[Black "Usacheva, Glafira"]
[Result "1-0"]
[WhiteTitle "GM"]
[WhiteElo "2653"]
[BlackElo "1766"]
[WhiteFideId "4129199"]
[BlackFideId "34119741"]
[EventDate "2018.02.23"]

1. d4 d5 2. Bf4 Nf6 3. e3 c5 4. c3 Nc6 5. Nd2 Qb6 6. Qc2 g6 7. Ngf3 Bg7 8. h3
O-O 9. Be2 a5 10. Qb3 Qd8 11. a4 c4 12. Qa3 Re8 13. b3 Bf8 14. Qa2 Ne4 15. Nxe4
dxe4 16. Ne5 Nxe5 17. Bxe5 cxb3 18. Qxb3 Bg7 19. Bg3 e5 20. O-O Qe7 21. Rab1 Rb8
22. Rfd1 Bf5 23. Qb6 Qa3 24. Bb5 Rf8 25. Qxa5 Ra8 26. Qb4 Qxb4 27. Rxb4 Rfc8 28.
c4 exd4 29. exd4 Rd8 30. d5 Rac8 31. Bf4 Bf8 32. Rb2 Ba3 33. Re2 Bc5 34. g4 Bd7
35. Rxe4 Bxb5 36. axb5 Bd6 37. Bxd6 Rxd6 38. Ra1 1-0

[Event "RUS Rapid GP Serpukhov"]
[Site "Serpukhov RUS"]
[Date "2018.02.23"]
[Round "1.3"]
[White "Shkurkin, Andrey"]
[Black "Alekseev, Evgeny"]
[Result "1/2-1/2"]
[WhiteTitle "FM"]
[BlackTitle "GM"]
[WhiteElo "2228"]
[BlackElo "2616"]
[WhiteFideId "34179647"]
[BlackFideId "4138147"]
[EventDate "2018.02.23"]

1. d4 Nf6 2. c4 e6 3. g3 c5 4. d5 exd5 5. cxd5 d6 6. Nc3 g6 7. Bg2 Bg7 8. Nf3
O-O 9. O-O Nbd7 10. Bf4 Qe7 11. a4 Ng4 12. Re1 h6 13. Qc2 Nge5 14. a5 g5 15. Bd2
f5 16. Nb5 Nf6 17. Nxe5 Qxe5 18. Nc7 Rb8 19. Bc3 Qe7 20. Ne6 Bxe6 21. dxe6 Qxe6
22. Bxf6 Qxf6 23. Red1 f4 24. g4 Kh8 25. Rab1 b5 26. Rd5 Rfe8 27. b3 Re5 28.
Rbd1 Rxd5 29. Bxd5 Qe5 30. Bf3 Qe6 31. h3 Bd4 32. Kg2 Re8 33. a6 Re7 34. Rd2 Kg7
35. Qd3 b4 36. Rc2 Bc3 37. Bd5 Qe5 38. Bf3 Qf6 39. Qd5 Qe6 40. Qd3 Bd4 41. Rd2
d5 42. Rc2 Qd6 43. Rd2 Rf7 44. Ra2 Rc7 45. Rc2 Qe5 46. Rd2 Rd7 47. Qb5 Qe6 48.
Qd3 Bc3 49. Bxd5 Bxd2 50. Bxe6 Rxd3 51. exd3 Kf6 52. Bc4 Ke5 1/2-1/2

[Event "RUS Rapid GP Serpukhov"]
[Site "Serpukhov RUS"]
[Date "2018.02.23"]
[Round "1.4"]
[White "Kokarev, Dmitry"]
[Black "Kirillov, Dmitry"]
[Result "1-0"]
[WhiteTitle "GM"]
[BlackTitle "CM"]
[WhiteElo "2608"]
[BlackElo "2086"]
[WhiteFideId "4132181"]
[BlackFideId "34180572"]
[EventDate "2018.02.23"]

1. e4 c5 2. Nf3 e6 3. d4 cxd4 4. Nxd4 Nf6 5. Nc3 d6 6. g4 h6 7. h3 Nc6 8. Be3 a6
9. Bg2 Ne5 10. Qe2 Qc7 11. O-O-O Nc4 12. Kb1 Nxe3 13. Qxe3 Be7 14. f4 Nd7 15. h4
Nb6 16. g5 Bd7 17. f5 hxg5 18. hxg5 O-O-O 19. fxe6 fxe6 20. Bh3 Nc4 21. Qg3 e5
22. Nd5 Qa5 23. Nb3 1-0

[Event "RUS Rapid GP Serpukhov"]
[Site "Serpukhov RUS"]
[Date "2018.02.23"]
[Round "1.5"]
[White "Yasakov, Igor"]
[Black "Rakhmanov, Aleksandr"]
[Result "0-1"]
[BlackTitle "GM"]
[WhiteElo "2079"]
[BlackElo "2655"]
[WhiteFideId "34294686"]
[BlackFideId "4173708"]
[EventDate "2018.02.23"]

1. d4 Nf6 2. c4 d6 3. Nf3 g6 4. Nc3 Bf5 5. Qb3 b6 6. g3 Bg7 7. Bg2 Nc6 8. a3 O-O
9. O-O Ne4 10. Be3 Na5 11. Qa2 Nxc3 12. bxc3 Be4 13. Nd2 Bxg2 14. Kxg2 Qd7 15.
Rac1 c5 16. d5 Qa4 17. f3 Rab8 18. Rc2 b5 19. cxb5 Rxb5 20. Rb1 Rfb8 21. Rxb5
Rxb5 22. c4 Rb6 23. Bg5 Kf8 24. e4 Ke8 25. Be3 Nb3 26. Nxb3 Qxb3 27. Qxb3 Rxb3
28. Bc1 Bd4 29. g4 Kd7 30. h3 Kc7 31. Bg5 f6 32. Bc1 Kb6 33. Kg3 Ka5 34. Bh6 Ka4
35. Bf8 Rb7 36. h4 Kxa3 37. h5 a5 38. hxg6 hxg6 39. Bh6 g5 40. f4 Rb3+ 41. Kg2
Rb2 42. Rxb2 Kxb2 43. fxg5 fxg5 44. Bxg5 a4 0-1

[Event "RUS Rapid GP Serpukhov"]
[Site "Serpukhov RUS"]
[Date "2018.02.23"]
[Round "1.6"]
[White "Savchenko, Boris"]
[Black "Arbuzov, Mikhail"]
[Result "1-0"]
[WhiteTitle "GM"]
[WhiteElo "2550"]
[BlackElo "2055"]
[WhiteFideId "4147332"]
[BlackFideId "34105244"]
[EventDate "2018.02.23"]

1. e4 c5 2. Nf3 d6 3. d4 cxd4 4. Nxd4 Nf6 5. Nc3 g6 6. Be3 Bg7 7. f3 O-O 8. Bc4
Nc6 9. Qd2 Bd7 10. O-O-O Ne5 11. Be2 Rc8 12. g4 Nc4 13. Bxc4 Rxc4 14. h4 Qa5 15.
Nb3 Qa6 16. Bh6 Rfc8 17. Bxg7 Kxg7 18. e5 Ng8 19. exd6 e6 20. h5 b5 21. hxg6
hxg6 22. Kb1 b4 23. Ne4 Qb6 24. Qh2 Rd8 25. Qh8+ 1-0

[Event "RUS Rapid GP Serpukhov"]
[Site "Serpukhov RUS"]
[Date "2018.02.23"]
[Round "1.7"]
[White "Perov, German"]
[Black "Frolyanov, Dmitry"]
[Result "0-1"]
[BlackTitle "GM"]
[WhiteElo "2069"]
[BlackElo "2567"]
[WhiteFideId "44111410"]
[BlackFideId "4151976"]
[EventDate "2018.02.23"]

1. e4 c5 2. d4 cxd4 3. c3 dxc3 4. Nxc3 Nc6 5. Nf3 e6 6. Bc4 a6 7. O-O Nge7 8.
Bg5 f6 9. Be3 Ng6 10. Bb3 b5 11. Nd5 Rb8 12. Rc1 Be7 13. Nxe7 Ngxe7 14. Qd6 O-O
15. Rfd1 Qe8 16. Bc5 Rf7 17. Qg3 Bb7 18. Qc7 d5 19. Qg3 Na5 20. Bxe7 Rxe7 21. e5
Nxb3 22. axb3 Qg6 23. Qh4 Rf8 24. Qb4 Ref7 25. Qd6 d4 26. Rc6 Bxc6 27. Qxc6 fxe5
28. Nxe5 Qh5 29. Re1 Rxf2 30. Qxe6+ Kh8 31. Nd7 Qg5 32. Qe4 R2f4 33. Qe2 Rg8 34.
Ne5 h6 35. h4 Qf5 36. g4 Qe6 37. h5 Re8 38. Kh2 Qxe5 0-1

[Event "RUS Rapid GP Serpukhov"]
[Site "Serpukhov RUS"]
[Date "2018.02.23"]
[Round "1.8"]
[White "Pridorozhni, Aleksei"]
[Black "Moskvin, Anatoly"]
[Result "1-0"]
[WhiteTitle "GM"]
[WhiteElo "2570"]
[BlackElo "2088"]
[WhiteFideId "4127870"]
[BlackFideId "24199990"]
[EventDate "2018.02.23"]

1. e4 e5 2. Nf3 Nc6 3. d4 exd4 4. Nxd4 Bc5 5. Nb3 Bb6 6. Nc3 Nf6 7. Bg5 d6 8.
Qe2 h6 9. Bh4 Ne5 10. O-O-O Ng6 11. Bg3 Qe7 12. f3 Be6 13. Bf2 Nd7 14. Kb1 O-O-O
15. Bd4 Bxb3 16. axb3 Bxd4 17. Rxd4 Nb6 18. Qf2 Rhf8 19. f4 f5 20. g3 fxe4 21.
Bh3+ Kb8 22. Rxe4 Qf7 23. Qd4 d5 24. Re2 Ne7 25. Be6 Qf6 26. Qxf6 Rxf6 27. Rd1
Rff8 28. Bh3 Nc6 29. Bg2 Nb4 30. h4 a6 31. h5 c6 32. Re7 Rd7 33. Rde1 Rf7 34.
Re8+ Ka7 35. Bh3 Rc7 36. Na2 Nxa2 37. Kxa2 Nd7 38. Be6 1-0

[Event "RUS Rapid GP Serpukhov"]
[Site "Serpukhov RUS"]
[Date "2018.02.23"]
[Round "1.9"]
[White "Chervonnyy, Mikhail"]
[Black "Popov, Ivan RUS"]
[Result "0-1"]
[BlackTitle "GM"]
[WhiteElo "1961"]
[BlackElo "2608"]
[WhiteFideId "24220540"]
[BlackFideId "4170350"]
[EventDate "2018.02.23"]

1. d4 Nf6 2. c4 b6 3. Nc3 Bb7 4. Bg5 Ne4 5. Nxe4 Bxe4 6. f3 Bg6 7. e4 f6 8. Bf4
e5 9. dxe5 Bb4+ 10. Bd2 Bxd2+ 11. Qxd2 fxe5 12. c5 Bf7 13. Qc3 Nc6 14. Bc4 Bxc4
15. Qxc4 Qg5 16. Kf1 O-O-O 17. cxb6 axb6 18. Ne2 Kb7 19. b4 Qd2 20. b5 Nd4 21.
Nxd4 exd4 22. Qe2 Qxe2+ 23. Kxe2 c5 24. Kd3 Ra8 25. a4 Kc7 26. f4 Rhe8 27. Rhe1
Ra5 28. Ra2 Kd6 29. g4 Rf8 30. Rf1 g5 31. f5 Ke5 32. h4 gxh4 33. Rh1 Rfa8 34.
Rxh4 Rxa4 35. Rxa4 Rxa4 36. Rxh7 c4+ 37. Kd2 Ra2+ 38. Kc1 Kxe4 39. f6 Rf2 40. g5
c3 41. Kd1 0-1

[Event "RUS Rapid GP Serpukhov"]
[Site "Serpukhov RUS"]
[Date "2018.02.23"]
[Round "1.10"]
[White "Bocharov, Dmitry"]
[Black "Slavinsky, Petr"]
[Result "1-0"]
[WhiteTitle "GM"]
[WhiteElo "2594"]
[BlackElo "2062"]
[WhiteFideId "4138716"]
[BlackFideId "4155270"]
[EventDate "2018.02.23"]

1. e4 c5 2. Nf3 g6 3. d4 cxd4 4. Nxd4 Bg7 5. c4 Nc6 6. Be3 Nf6 7. Nc3 Ng4 8.
Qxg4 Nxd4 9. Qd1 e5 10. Bd3 d6 11. O-O O-O 12. Rc1 Be6 13. Qd2 Rc8 14. b3 f5 15.
exf5 gxf5 16. Bxd4 exd4 17. Ne2 Qh4 18. g3 Qg4 19. f3 Qh3 20. Nf4 Qh6 21. Qf2
Be5 22. Nxe6 Qxe6 23. Rfe1 f4 24. g4 Qh6 25. Kh1 b6 26. g5 Qh3 27. Rg1 Rc7 28.
Rg4 Rg7 29. Rcg1 Kh8 30. g6 h6 31. Rh4 Qe6 32. Rxh6+ Kg8 33. Qh4 Re7 34. g7 Rf6
35. Rh8+ Kf7 36. Rf8# 1-0

[Event "RUS Rapid GP Serpukhov"]
[Site "Serpukhov RUS"]
[Date "2018.02.23"]
[Round "1.11"]
[White "Afanasieva, Alexandra"]
[Black "Morozevich, Alexander"]
[Result "0-1"]
[WhiteTitle "WFM"]
[BlackTitle "GM"]
[WhiteElo "2063"]
[BlackElo "2665"]
[WhiteFideId "34126926"]
[BlackFideId "4116992"]
[EventDate "2018.02.23"]

1. e4 c5 2. Nf3 Nc6 3. Bb5 g6 4. Bxc6 bxc6 5. O-O Bg7 6. Re1 Nh6 7. c3 O-O 8. d4
cxd4 9. cxd4 f6 10. Nc3 Nf7 11. Be3 d6 12. Qc2 Bd7 13. Rad1 Qa5 14. Nd2 Rab8 15.
f4 Qh5 16. Nf3 g5 17. f5 d5 18. exd5 g4 19. Nd2 Bxf5 20. Qc1 Rfc8 21. Bf4 Rb7
22. dxc6 Rxc6 23. Nf1 Bg6 24. d5 Rc8 25. Ng3 Qh4 26. Re2 f5 27. Qe3 Qf6 28. Qe6
Rc4 29. Qxf6 Bxf6 30. Bd2 Rxb2 31. Rc1 Rxd2 32. Rxd2 Rxc3 33. Rxc3 Bxc3 34. Rc2
Bd4+ 35. Kf1 f4 36. Rc8+ Kg7 37. Ne2 Be3 38. Rc7 Kf6 39. Nc3 f3 40. gxf3 gxf3
41. Nd1 Bb6 42. Rc6+ Nd6 43. Nf2 Ke5 44. Rc3 Bxf2 0-1

[Event "RUS Rapid GP Serpukhov"]
[Site "Serpukhov RUS"]
[Date "2018.02.23"]
[Round "1.12"]
[White "Timofeev, Artyom"]
[Black "Kiseleva, Arina"]
[Result "1-0"]
[WhiteTitle "GM"]
[BlackTitle "WCM"]
[WhiteElo "2569"]
[BlackElo "2067"]
[WhiteFideId "4140419"]
[BlackFideId "4164989"]
[EventDate "2018.02.23"]

1. e4 c5 2. Nf3 d6 3. Bc4 Nf6 4. d3 e6 5. O-O Be7 6. Bb3 O-O 7. c3 Nc6 8. Re1 b6
9. Nbd2 Re8 10. d4 Bf8 11. e5 dxe5 12. dxe5 Nd5 13. Ne4 Bb7 14. Bg5 Qc7 15. Nd6
Bxd6 16. exd6 Qd7 17. c4 Ndb4 18. a3 Na6 19. Qd3 f5 20. Ba4 h6 21. Bf4 g5 22.
Bg3 Red8 23. Rad1 Rac8 24. Bxc6 Bxc6 25. Ne5 Qe8 26. d7 Bxd7 27. Nxd7 Qf7 28.
Be5 1-0

[Event "RUS Rapid GP Serpukhov"]
[Site "Serpukhov RUS"]
[Date "2018.02.23"]
[Round "1.13"]
[White "Muslimov, Aleksander"]
[Black "Volkov, Sergey"]
[Result "0-1"]
[BlackTitle "GM"]
[WhiteElo "1898"]
[BlackElo "2612"]
[WhiteFideId "34133191"]
[BlackFideId "4122763"]
[EventDate "2018.02.23"]

1. e4 e6 2. d4 d5 3. exd5 exd5 4. Nf3 Nc6 5. Bb5 Bd6 6. c4 dxc4 7. d5 a6 8. Ba4
b5 9. dxc6 bxa4 10. Qxa4 Ne7 11. Nc3 O-O 12. O-O Bf5 13. Re1 Bd3 14. Ne5 Bxe5
15. Rxe5 Qd6 16. Re1 Rfe8 17. Be3 Nxc6 18. Rad1 h6 19. Rd2 Ne5 20. h3 Re6 21.
Kh1 Ng6 22. Qd1 Rae8 23. Qg4 f5 24. Qf3 f4 0-1

[Event "RUS Rapid GP Serpukhov"]
[Site "Serpukhov RUS"]
[Date "2018.02.23"]
[Round "1.14"]
[White "Iljiushenok, Ilia"]
[Black "Makhno, Maria"]
[Result "1-0"]
[WhiteTitle "IM"]
[WhiteElo "2528"]
[BlackElo "1933"]
[WhiteFideId "24105074"]
[BlackFideId "24173479"]
[EventDate "2018.02.23"]

1. c4 Nf6 2. Nf3 c6 3. b3 d5 4. Bb2 Bf5 5. g3 e6 6. Bg2 h6 7. O-O Be7 8. d3 O-O
9. Nbd2 Nbd7 10. Re1 Bh7 11. Qc2 a5 12. a3 b5 13. Rac1 Rc8 14. Qb1 Qb6 15. Qa1
b4 16. a4 Nc5 17. Ne5 Rfd8 18. Bd4 Qb8 19. Qb2 Bf8 20. Rc2 Nfd7 21. cxd5 cxd5
22. Rec1 Nxe5 23. Bxe5 Qa8 24. Nf3 Qa6 25. Bf1 Nd7 26. Bc7 Re8 27. Nd4 Nc5 28.
Nb5 g5 29. Rxc5 Bxc5 30. Rxc5 Ra8 31. Qf6 1-0

[Event "RUS Rapid GP Serpukhov"]
[Site "Serpukhov RUS"]
[Date "2018.02.23"]
[Round "1.15"]
[White "Berko, Igor"]
[Black "Goganov, Aleksey"]
[Result "0-1"]
[BlackTitle "GM"]
[WhiteElo "2014"]
[BlackElo "2564"]
[WhiteFideId "4147677"]
[BlackFideId "24109959"]
[EventDate "2018.02.23"]

1. d4 Nf6 2. Nf3 d5 3. Bg5 Ne4 4. Bf4 c5 5. c3 Nc6 6. e3 Bf5 7. Nbd2 e6 8. Be2
Be7 9. O-O O-O 10. Ne5 Nxe5 11. Bxe5 Qb6 12. Nxe4 Bxe4 13. Qd2 Rac8 14. a3 Rfd8
15. f3 Bg6 16. Rfc1 c4 17. Bd1 Bf8 18. Ra2 h6 19. Bc2 Bxc2 20. Qxc2 Qb3 21. Qxb3
cxb3 22. Raa1 b5 23. Kf2 Rc4 24. Ke2 a5 25. Kd2 Rdc8 26. g4 f6 27. Bg3 Kf7 28.
h4 g6 29. Bh2 h5 30. Bf4 Be7 31. gxh5 gxh5 32. Rg1 b4 33. axb4 axb4 34. Ra7
bxc3+ 35. bxc3 Rxc3 36. Rb1 Rc2+ 37. Kd1 b2 38. e4 dxe4 39. fxe4 Rf2 40. Bd2
Rf1+ 41. Be1 Rc1+ 0-1

[Event "RUS Rapid GP Serpukhov"]
[Site "Serpukhov RUS"]
[Date "2018.02.23"]
[Round "1.16"]
[White "Kryakvin, Dmitry"]
[Black "Shornikov, Vyatcheslav"]
[Result "1-0"]
[WhiteTitle "GM"]
[WhiteElo "2567"]
[BlackElo "2021"]
[WhiteFideId "4153278"]
[BlackFideId "34120634"]
[EventDate "2018.02.23"]

1. d4 d5 2. c4 c6 3. cxd5 cxd5 4. Bg5 Nc6 5. Nc3 Nf6 6. Bxf6 exf6 7. e3 a6 8.
Rc1 Bb4 9. Ne2 Be6 10. g3 O-O 11. Bg2 Qd7 12. O-O Rfd8 13. Nf4 Bxc3 14. Rxc3
Rac8 15. Qd2 Ne7 16. Rfc1 Rxc3 17. Rxc3 Rc8 18. h4 h6 19. h5 Rxc3 20. Qxc3 Qc6
21. Qxc6 bxc6 22. f3 Kf8 23. Nd3 Nf5 24. Kf2 a5 25. Nc5 Nd6 26. Bf1 Bc8 27. Nb3
Nb7 28. a4 Ke7 29. Ba6 Kd6 30. Bxb7 Bxb7 31. Nxa5 Ba6 32. Nb3 Bc4 33. Nc5 Kc7
34. b3 1-0

[Event "RUS Rapid GP Serpukhov"]
[Site "Serpukhov RUS"]
[Date "2018.02.23"]
[Round "1.17"]
[White "Grigorieva, Daria"]
[Black "Nozdrachev, Vladislav"]
[Result "0-1"]
[BlackTitle "IM"]
[WhiteElo "1976"]
[BlackElo "2485"]
[WhiteFideId "24109290"]
[BlackFideId "24113441"]
[EventDate "2018.02.23"]

1. e4 e5 2. Nf3 Nc6 3. d4 exd4 4. Nxd4 Bc5 5. Be3 Qf6 6. c3 Nge7 7. g3 h5 8. h4
d6 9. Bg2 Ne5 10. Bg5 Qg6 11. Bxe7 Kxe7 12. O-O Re8 13. Nd2 Kf8 14. b4 Bb6 15.
Ne2 Bg4 16. Kh2 Qh6 17. f3 Bd7 18. Nb3 g5 19. Qd2 f6 20. a4 a6 21. a5 Ba7 22.
Nbd4 Kg7 23. Bh3 Bxh3 24. Kxh3 g4+ 0-1

[Event "RUS Rapid GP Serpukhov"]
[Site "Serpukhov RUS"]
[Date "2018.02.23"]
[Round "1.18"]
[White "Hasangatin, Ramil"]
[Black "Kruglikova, Viktorija"]
[Result "1-0"]
[WhiteTitle "GM"]
[WhiteElo "2502"]
[BlackElo "1795"]
[WhiteFideId "4122160"]
[BlackFideId "34120596"]
[EventDate "2018.02.23"]

1. e4 c5 2. Nf3 Nf6 3. e5 Nd5 4. d4 d6 5. c4 Nc7 6. dxc5 dxc5 7. Qxd8+ Kxd8 8.
Nc3 Nc6 9. Be3 Bg4 10. Be2 Bxf3 11. Bxf3 Nxe5 12. Bxb7 Rb8 13. O-O-O+ Ke8 14.
Be4 e6 15. Bf4 f6 16. Bxe5 fxe5 17. Bc6+ 1-0

[Event "RUS Rapid GP Serpukhov"]
[Site "Serpukhov RUS"]
[Date "2018.02.23"]
[Round "1.19"]
[White "Novikov, Konstantin"]
[Black "Evdokimov, Alexander A."]
[Result "0-1"]
[BlackTitle "GM"]
[WhiteElo "2255"]
[BlackElo "2502"]
[WhiteFideId "24163554"]
[BlackFideId "4139275"]
[EventDate "2018.02.23"]

1. e4 c5 2. Nf3 e6 3. d4 cxd4 4. Nxd4 a6 5. Nc3 b5 6. g3 Bb7 7. a3 Nf6 8. Bg2 d6
9. O-O Nbd7 10. g4 h6 11. Kh1 Rc8 12. f4 Be7 13. f5 e5 14. Nde2 Nxg4 15. Ng3
Ngf6 16. Be3 h5 17. Nd5 h4 18. Ne2 Bxd5 19. exd5 h3 0-1

[Event "RUS Rapid GP Serpukhov"]
[Site "Serpukhov RUS"]
[Date "2018.02.23"]
[Round "1.20"]
[White "Krylov, Mikhail RUS"]
[Black "Sadovnikov, Konstantin"]
[Result "1-0"]
[WhiteTitle "GM"]
[WhiteElo "2476"]
[BlackElo "1862"]
[WhiteFideId "4151364"]
[BlackFideId "34184225"]
[EventDate "2018.02.23"]

1. d4 Nf6 2. c4 c5 3. d5 e5 4. Nc3 d6 5. g3 Nbd7 6. Bg2 a6 7. a4 Be7 8. e4 O-O
9. Nge2 Ne8 10. O-O g6 11. f4 Ng7 12. f5 Bg5 13. h4 Bf6 14. Bh6 Rb8 15. Qd2 Qe7
16. Rf2 Rd8 17. Raf1 Ne8 18. Bh3 Nf8 19. Kh2 Bd7 20. Ng1 b5 21. axb5 axb5 22.
fxg6 Bxh3 23. gxf7+ Qxf7 24. Nxh3 b4 25. Nd1 Qg6 26. h5 Qxh5 27. Rxf6 Nxf6 28.
Rxf6 Ng6 29. Rf5 Qg4 30. Ndf2 1-0

[Event "RUS Rapid GP Serpukhov"]
[Site "Serpukhov RUS"]
[Date "2018.02.23"]
[Round "1.21"]
[White "Kulbachny, Vladimir"]
[Black "Dvalishvili, Pavel S."]
[Result "0-1"]
[BlackTitle "IM"]
[WhiteElo "1836"]
[BlackElo "2413"]
[WhiteFideId "4175352"]
[BlackFideId "4121996"]
[EventDate "2018.02.23"]

1. d4 g6 2. e4 Bg7 3. Nf3 d6 4. Be3 c5 5. Bb5+ Bd7 6. Bxd7+ Nxd7 7. O-O cxd4 8.
Bxd4 Ngf6 9. e5 dxe5 10. Nxe5 O-O 11. Nxd7 Qxd7 12. Bxf6 Qxd1 13. Rxd1 Bxf6 14.
c3 b5 15. a3 Rfc8 16. Nd2 e6 17. Ne4 Be7 18. Rd7 Kf8 19. Rad1 a5 20. g4 b4 21.
axb4 axb4 22. g5 bxc3 23. bxc3 Ra4 24. Nf6 Rf4 25. Nxh7+ Ke8 26. h3 Rh4 27. Nf6+
Bxf6 28. gxf6 Rf4 29. Re7+ Kf8 30. Rc7 Ra8 31. Ra7 Re8 32. c4 Rxf6 33. Kg2 Rc8
34. Rd4 Rf5 35. Rh4 Kg7 36. Rd4 Rcc5 37. h4 Rce5 38. Ra2 Re1 39. Rc2 Rc5 40. Kf3
Kf6 41. Rf4+ Ke7 42. Re2 Rc1 43. Ree4 f5 44. Rd4 e5 45. Rd5 Rxd5 46. cxd5 Rc3+ 0-1

[Event "RUS Rapid GP Serpukhov"]
[Site "Serpukhov RUS"]
[Date "2018.02.23"]
[Round "2.1"]
[White "Ponkratov, Pavel"]
[Black "Konenkin, Dmitry"]
[Result "1-0"]
[WhiteTitle "GM"]
[BlackTitle "FM"]
[WhiteElo "2605"]
[BlackElo "2263"]
[WhiteFideId "4157800"]
[BlackFideId "4185781"]
[EventDate "2018.02.23"]

1. e4 g6 2. d4 Bg7 3. Nc3 c6 4. Be3 d5 5. e5 Nh6 6. f4 Nf5 7. Bf2 h5 8. Nf3 Qb6
9. Rb1 e6 10. b4 Bf8 11. Na4 Qc7 12. Bd3 Nd7 13. h3 a5 14. b5 cxb5 15. Bxb5 Bb4+
16. c3 Bxc3+ 17. Nxc3 Qxc3+ 18. Qd2 Qxd2+ 19. Kxd2 b6 20. Rbc1 Kd8 21. g4 Ne7
22. Ng5 Rf8 23. Bh4 Ba6 24. a4 Bxb5 25. axb5 Rc8 26. Kd3 Rc4 27. Rxc4 dxc4+ 28.
Kxc4 Kc7 29. Nxe6+ fxe6 30. Bxe7 Rxf4 31. Bd6+ Kd8 32. gxh5 gxh5 33. Rg1 Ke8 34.
Rg7 Rf7 35. Rg8+ Nf8 36. d5 Rf4+ 37. Kd3 exd5 38. e6 Rf3+ 39. Kd4 1-0

[Event "RUS Rapid GP Serpukhov"]
[Site "Serpukhov RUS"]
[Date "2018.02.23"]
[Round "2.2"]
[White "Agapov, Sergey"]
[Black "Grachev, Boris"]
[Result "0-1"]
[WhiteTitle "FM"]
[BlackTitle "GM"]
[WhiteElo "2265"]
[BlackElo "2653"]
[WhiteFideId "4154258"]
[BlackFideId "4129199"]
[EventDate "2018.02.23"]

1. d4 Nf6 2. Bg5 e6 3. Nf3 d5 4. Nbd2 c5 5. e3 Nbd7 6. c3 Be7 7. Bd3 h6 8. Bh4
b6 9. Ne5 Nxe5 10. dxe5 Nd7 11. Bg3 Bb7 12. O-O Qc7 13. Qh5 g6 14. Bxg6 fxg6 15.
Qxg6+ Kd8 16. Qxe6 Qc6 17. Qh3 Ba6 18. Rfd1 h5 19. c4 Ke8 20. cxd5 Qxd5 21. Nf3
Bd3 22. Ne1 c4 23. Nxd3 cxd3 24. Qf5 Nc5 25. Qg6+ Kd7 26. f3 Rag8 27. Qf5+ Qe6
28. Rxd3+ Nxd3 29. Qxd3+ Ke8 30. f4 h4 31. f5 Qc6 32. e4 hxg3 0-1

[Event "RUS Rapid GP Serpukhov"]
[Site "Serpukhov RUS"]
[Date "2018.02.23"]
[Round "2.3"]
[White "Smirnov, Timofey"]
[Black "Kokarev, Dmitry"]
[Result "0-1"]
[WhiteTitle "FM"]
[BlackTitle "GM"]
[WhiteElo "2324"]
[BlackElo "2608"]
[WhiteFideId "24176427"]
[BlackFideId "4132181"]
[EventDate "2018.02.23"]

1. e4 c5 2. Nf3 d6 3. d4 cxd4 4. Nxd4 Nf6 5. Nc3 a6 6. Be2 e5 7. Nb3 Be7 8. Be3
Be6 9. Qd3 Nbd7 10. O-O-O Rc8 11. Nd5 Bxd5 12. exd5 Nb6 13. Bf3 Nc4 14. Kb1 Nxe3
15. fxe3 O-O 16. h4 h5 17. g3 g6 18. Rdg1 Qd7 19. Nd2 Kg7 20. Nf1 b5 21. Nh2 Rc4
22. e4 Ng4 23. b3 Rc7 24. Qe2 f5 25. Rc1 Rc3 26. Rhf1 Ne3 27. Rf2 Rfc8 28. exf5
Nxc2 29. Rff1 Na3+ 30. Kb2 Rc2+ 31. Rxc2 Rxc2+ 32. Qxc2 Nxc2 33. Kxc2 Qxf5+ 34.
Kd2 e4 0-1

[Event "RUS Rapid GP Serpukhov"]
[Site "Serpukhov RUS"]
[Date "2018.02.23"]
[Round "2.4"]
[White "Rakhmanov, Aleksandr"]
[Black "Gvanceladze, Anna"]
[Result "1-0"]
[WhiteTitle "GM"]
[BlackTitle "WFM"]
[WhiteElo "2655"]
[BlackElo "2302"]
[WhiteFideId "4173708"]
[BlackFideId "4113721"]
[EventDate "2018.02.23"]

1. c4 c6 2. d4 d5 3. cxd5 cxd5 4. Bf4 Nc6 5. e3 Nf6 6. Nc3 e6 7. Bd3 Be7 8. h3
Qa5 9. Nf3 Bd7 10. O-O O-O 11. Ne5 Rfc8 12. Bg5 Be8 13. a3 Qd8 14. f4 Nd7 15.
Bxe7 Qxe7 16. Qc2 Nf8 17. Rf3 f6 18. Nxc6 bxc6 19. Ba6 Rd8 20. Na4 e5 21. fxe5
fxe5 22. Raf1 Ng6 23. Qc5 Rd6 24. dxe5 Qxe5 25. Bd3 Qe7 26. Nc3 Rad8 27. Ne2 Re6
28. Qxe7 Rxe7 29. Nd4 Bd7 30. Bxg6 hxg6 31. Rc1 Rc8 32. Rc5 Rf7 33. Rf2 Rxf2 34.
Kxf2 Kf7 35. b4 Ke7 36. Ra5 Rc7 37. Kg3 Kd6 38. Kf4 Be8 39. Kg3 Ke5 40. Kf2 Ke4
41. Ke2 Bd7 42. Rc5 g5 43. Nb5 1-0

[Event "RUS Rapid GP Serpukhov"]
[Site "Serpukhov RUS"]
[Date "2018.02.23"]
[Round "2.5"]
[White "Sergienko, Sergey"]
[Black "Savchenko, Boris"]
[Result "0-1"]
[WhiteTitle "IM"]
[BlackTitle "GM"]
[WhiteElo "2315"]
[BlackElo "2550"]
[WhiteFideId "4115791"]
[BlackFideId "4147332"]
[EventDate "2018.02.23"]

1. Nf3 g6 2. d4 Bg7 3. Bf4 c5 4. e3 Nf6 5. Be2 O-O 6. O-O d6 7. h3 Qb6 8. Qc1
Nd5 9. Bg3 cxd4 10. exd4 Bxd4 11. Nxd4 Qxd4 12. Rd1 Qc5 13. Nd2 Nf6 14. Nb3 Qb6
15. Bh4 Nbd7 16. Nd4 Ne5 17. Qh6 Qxb2 18. Rab1 Qxa2 19. Rb3 Nc6 20. Nxc6 bxc6
21. Re3 Be6 22. Rxd6 Rfd8 23. Rdxe6 fxe6 24. Rc3 Qa1+ 0-1